| 000 | 00546nam a2200169 i 4500 | ||
|---|---|---|---|
| 001 | 59179 | ||
| 003 | ES-MaACL | ||
| 005 | 20230906164000.0 | ||
| 007 | t| | ||
| 008 | 031027s1948 sp ||||1| spa d | ||
| 100 | 1 |
_aElías de Tejada, Francisco. _946976 |
|
| 245 | 1 | 4 |
_aLas Españas _b: formación histórica : tradiciones regionales / _cFrancisco Elías de Tejada Spínola. |
| 260 |
_aMadrid : _bAmbos Mundos, _c[1948] ( _fMarisal) |
||
| 300 |
_aVIII, 304 p. ; _c19 cm. |
||
| 500 | _aAño en el prólogo. | ||
| 852 |
_aES-MaACL _jC-4867 _bR.25537 |
||
| 999 |
_c59179 _d59179 |
||